Estatísticas para Traducao Animais Frances-Portugues #1

Clique aqui para jogar o quiz

Estatísticas Gerais

  • Esse quiz foi jogado 198 vezes
  • A pontuação média é 13 de 20

Estatísticas das Respostas

FrancesPortugues% Correto
ChatGato
93%
VacheVaca
92%
AbeilleAbelha
90%
DauphinGolfinho
87%
AraigneeAranha
85%
PavonPavao
85%
TortueTartaruga
84%
ChienCao
79%
ChevalCavalo
74%
MoustiqueMosquito
69%
BuffleBufalo
67%
OursUrso
62%
CochonPorco
58%
OiseauPassaro
46%
SourisRato
44%
ChevreCabra
42%
GrenouilleSapo
34%
RequinTubarao
28%
MoutomCarneiro
19%
AgneauCordeiro
18%

Distribuição das Pontuações

Percentil de Números Respondidos

Porcentagem de Pessoas com Cada Pontuação

Sua Pontuação Histórica

Você não jogou esse quiz